000 004190000a22001690004500
003 MACL
005 20160112153214.0
008 160112b xxu||||| |||| 00| 0 eng d
040 _aMACL
_cMACL
041 _aEnglish
082 _a923.1/mon
100 _aMontespan, La Marquise De
_931279
245 _aCourts of France
260 _bThe Rittenhouse Press
650 _aBiography
_931479
942 _cBK
_k923.1/MON
_2ddc
999 _c36345
_d36345